00526nam a2200145 a 450000100100000000500170001000800410002704000250006810000370009324500680013026000320019830000280023095201050025899900170036300003875620201002031348.0130419s1967 spaa 000 0 spa d aDO-SdBNPbspacBNPHU1 aAsián Peña, José L.96505410aNociones de historia de la cultura /cJosé L. Asián Peña. aBarcelona :bBosch ,c1967. a243 p. :bil. ;c21 cm. 001050718MOaPDbPDcCTd2013-04-19iLF1l0o p38756-10r2020-06-25w2020-06-25y1ZNo se presta c38246d38246